[Event "ICS rated blitz match"]
[Site "204.178.125.65"]
[Date "2001.01.09"]
[Round "?"]
[White "Hossa"]
[Black "monsoon"]
[Result "1/2-1/2"]
[WhiteElo "2578"]
[BlackElo "2449"]
[PlyCount "74"]
[EventDate "2001.??.??"]

1. e4 e5 2. Bc4 Nf6 3. d3 c6 4. Nf3 Be7 5. O-O d5 6. Bb3 Bg4 7. h3 Bxf3 8. Qxf3
dxe4 9. dxe4 Nbd7 10. Rd1 Qc7 11. Qg3 g6 12. Qf3 Nc5 13. Nc3 Nxb3 14. axb3 O-O
15. Bg5 Nh5 16. Bh6 Rfd8 17. Rxd8+ Bxd8 18. Qe3 b5 19. Qf3 Qd6 20. Rd1 Qe6 21.
Rd2 Bb6 22. Qd1 Bd4 23. Ne2 Nf6 24. Nxd4 exd4 25. Rxd4 Re8 26. f3 c5 27. Rd6
Qe5 28. Ra6 Rc8 29. Qa1 c4 30. c3 Qc5+ 31. Kh1 Nh5 32. g4 Qf2 33. gxh5 Qxf3+
34. Kh2 Qf2+ 35. Kh1 Qf3+ 36. Kh2 Qf2+ 37. Kh1 Qf3+ {Game drawn by repetition}
1/2-1/2

[Event "ICS rated blitz match"]
[Site "204.178.125.65"]
[Date "2001.01.09"]
[Round "?"]
[White "pob"]
[Black "Hossa"]
[Result "0-1"]
[WhiteElo "2194"]
[BlackElo "2572"]
[PlyCount "44"]
[EventDate "2001.??.??"]

1. e4 c5 2. Nf3 Nc6 3. d4 cxd4 4. Nxd4 e6 5. Nc3 Qc7 6. a3 Nxd4 7. Qxd4 Nf6 8.
Be3 Ng4 9. O-O-O Nxe3 10. Qxe3 Bc5 11. Qg5 O-O 12. e5 f5 13. exf6 Rxf6 14. Ne4
Rf5 15. Qh4 Rf4 16. Qh5 Rxe4 17. Bd3 g6 18. Qh3 Rf4 19. f3 Bf2 20. g3 Rxf3 21.
Rhf1 Qc5 22. Qh6 Be3+ {pob resigns} 0-1

[Event "ICS rated blitz match"]
[Site "204.178.125.65"]
[Date "2001.01.09"]
[Round "?"]
[White "QuarkX"]
[Black "Hossa"]
[Result "1-0"]
[WhiteElo "2386"]
[BlackElo "2561"]
[PlyCount "143"]
[EventDate "2001.??.??"]

1. d4 d5 2. Nc3 e6 3. e4 dxe4 4. Nxe4 Qd5 5. Ng5 h6 6. N5f3 Nc6 7. Bf4 Qe4+ 8.
Ne2 Nb4 9. Kd2 Bd7 10. a3 Nd5 11. Be5 f6 12. Bg3 O-O-O 13. c4 Nb6 14. Nc3 Qg4
15. h3 Qh5 16. Be2 Bd6 17. Bxd6 cxd6 18. Qb3 Ne7 19. Qb4 Bc6 20. Kc1 Qg6 21.
Rg1 Kb8 22. a4 Bxf3 23. Bxf3 Qg5+ 24. Kb1 Qf5+ 25. Ka2 Qd3 26. Kb3 Nf5 27. d5
Nd4+ 28. Ka2 Nc2 29. Qb5 Nxa1 30. Rxa1 e5 31. Be2 Qd4 32. a5 Nd7 33. f3 Nc5 34.
Rc1 Qf2 35. g4 Qh2 36. Rc2 Qxh3 37. b4 Na6 38. Ne4 h5 39. gxh5 Nc7 40. Qa4 Qxh5
41. Rb2 f5 42. Nc3 g5 43. Rb1 Qh2 44. Rb2 Qf2 45. Qc2 Rdf8 46. Qc1 Qg3 47. Qe3
g4 48. b5 gxf3 49. b6 axb6 50. Qxb6 Kc8 51. Qxb7+ Kd8 52. Bd1 e4 53. Qb8+ Ke7
54. Qxc7+ Kf6 55. Rb7 Qh2+ 56. Kb3 Kg5 57. Qe7+ Rf6 58. a6 f2 59. Be2 Ra8 60.
Rb6 Rc8 61. a7 f1=Q 62. Bxf1 e3 63. Qxe3+ Kg6 64. Rb8 Qh8 65. Qb6 Rff8 66.
Qxd6+ Kg5 67. Qg3+ Kf6 68. Rb6+ Kf7 69. Qg6+ Ke7 70. Qe6+ Kd8 71. Rd6+ Kc7 72.
Qe7# {Hossa checkmated} 1-0

[Event "ICS rated blitz match"]
[Site "204.178.125.65"]
[Date "2001.01.09"]
[Round "?"]
[White "Hossa"]
[Black "ChesterX"]
[Result "0-1"]
[WhiteElo "2538"]
[BlackElo "2591"]
[PlyCount "114"]
[EventDate "2001.??.??"]

1. e4 e5 2. Bc4 Nf6 3. d3 Nc6 4. Nc3 Bb4 5. Nf3 d6 6. h3 Bxc3+ 7. bxc3 O-O 8.
O-O Na5 9. Bb3 Bd7 10. Be3 Qe7 11. Qe2 b5 12. Ng5 c5 13. a4 Nxb3 14. cxb3 bxa4
15. bxa4 Rab8 16. Qd2 Rb3 17. f4 Rfb8 18. fxe5 dxe5 19. Ra2 Bc6 20. Qc2 c4 21.
Qf2 cxd3 22. Bxa7 R8b7 23. Bc5 Qc7 24. a5 h6 25. Bb6 Qc8 26. Nf3 Nxe4 27. Qh4
Nxc3 28. Qc4 Qe6 29. Qxe6 fxe6 30. Raf2 Ne2+ 31. Kh2 Rb5 32. Ng1 Nxg1 33. Rf8+
Kh7 34. Rxg1 e4 35. Rc1 d2 36. Ra1 R5xb6 37. axb6 e3 38. Rff1 Rxb6 39. Kg1 Rb2
40. Rfd1 e5 41. Kf1 Bb5+ 42. Kg1 e4 43. h4 e2 44. Re1 dxe1=Q+ 45. Rxe1 e3 46.
Kh2 Rd2 47. Kg3 Rd1 48. Rxe2 Bxe2 49. Kf4 Rd3 50. h5 Bd1 51. Ke4 Rb3 52. Kd5 e2
53. Kc5 e1=Q 54. Kd5 Qd2+ 55. Kc6 Rc3+ 56. Kb7 Qb2+ 57. Ka8 Ra3# {
Hossa checkmated} 0-1

[Event "ICS rated blitz match"]
[Site "204.178.125.65"]
[Date "2001.01.09"]
[Round "?"]
[White "Hossa"]
[Black "monsoon"]
[Result "1-0"]
[WhiteElo "2524"]
[BlackElo "2464"]
[PlyCount "233"]
[EventDate "2001.??.??"]

1. d4 f5 2. g3 Nf6 3. Bg2 g6 4. Nf3 Bg7 5. O-O O-O 6. b3 d6 7. c3 Bd7 8. a4 Bc6
9. Ra2 Be4 10. Nbd2 c5 11. Nxe4 Nxe4 12. b4 Nc6 13. bxc5 dxc5 14. Qb3+ Kh8 15.
Ng5 Na5 16. Nf7+ Rxf7 17. Qxf7 Nxc3 18. dxc5 Nxa2 19. Qxa2 e5 20. Bd2 Nc6 21.
Bxc6 bxc6 22. Rb1 Qd4 23. Be3 Qd7 24. Qc4 Rf8 25. Qh4 Rd8 26. Bg5 Rg8 27. Bf6
e4 28. Qg5 Qf7 29. Bxg7+ Qxg7 30. Rd1 Rf8 31. Qd2 Qf6 32. Qd6 g5 33. Qxf6+ Rxf6
34. Rd8+ Kg7 35. Ra8 Kf7 36. Rxa7+ Ke6 37. Rxh7 Kd5 38. a5 Kxc5 39. a6 Rf8 40.
a7 Ra8 41. Rf7 Kd6 42. Rxf5 Rxa7 43. Rxg5 Ra1+ 44. Kg2 Ra2 45. e3 c5 46. g4 c4
47. Rb5 c3 48. Rb3 c2 49. Rc3 Ke7 50. h4 Kf6 51. Kg3 Ke7 52. Kf4 Ke6 53. Kxe4
Ra4+ 54. Kf3 Ra2 55. Kg3 Kd5 56. f3 Ke6 57. Kh3 Rb2 58. Rc4 Kd5 59. Rc8 Rb3 60.
Rxc2 Rxe3 61. Kg3 Kd4 62. Rc1 Re7 63. Rd1+ Kc3 64. f4 Kc2 65. Rd5 Re3+ 66. Kf2
Rh3 67. Kg2 Re3 68. Ra5 Kb3 69. Re5 Rd3 70. Re8 Rd7 71. Kf3 Kc4 72. Re4+ Kd5
73. Re1 Rh7 74. Rd1+ Ke6 75. Rh1 Rd7 76. Re1+ Kf7 77. Ke3 Rd6 78. Rb1 Ra6 79.
Rb7+ Ke6 80. Rb3 Kd5 81. Rd3+ Kc4 82. Ke4 Re6+ 83. Kf5 Re7 84. Kf6 Re8 85. Rd7
Rf8+ 86. Rf7 Rg8 87. h5 Rxg4 88. h6 Rg8 89. h7 Rh8 90. f5 Kd5 91. Ra7 Kc4 92.
Kg7 Re8 93. h8=Q Re5 94. Qc8+ Kd4 95. Qc3+ Kxc3 96. f6 Re2 97. Ra3+ Kd4 98. Rg3
Rc2 99. Rg4+ Ke5 100. f7 Rc7 101. Kg8 Rc8+ 102. f8=Q Rxf8+ 103. Kxf8 Kf6 104.
Re4 Kf5 105. Re2 Kg4 106. Kg7 Kf5 107. Re1 Kg4 108. Kf6 Kf3 109. Kg5 Kf2 110.
Re4 Kf3 111. Re5 Kg2 112. Kf4 Kf2 113. Kg4 Kg2 114. Rf5 Kh1 115. Kh3 Kg1 116.
Kg3 Kh1 117. Rf1# {monsoon checkmated} 1-0

[Event "ICS rated blitz match"]
[Site "204.178.125.65"]
[Date "2001.01.09"]
[Round "?"]
[White "QuarkX"]
[Black "Hossa"]
[Result "0-1"]
[WhiteElo "2421"]
[BlackElo "2537"]
[PlyCount "92"]
[EventDate "2001.??.??"]

1. e4 c6 2. Nc3 g6 3. d4 Bg7 4. Be2 d5 5. e5 f6 6. f4 Nh6 7. Nf3 fxe5 8. fxe5
O-O 9. Bg5 Nf7 10. Bf4 Qb6 11. Na4 Qa5+ 12. c3 Na6 13. b4 Qc7 14. Qd2 b5 15.
Nb2 Bg4 16. Nd3 Bf5 17. a4 bxa4 18. Rxa4 Qb7 19. O-O Bxd3 20. Qxd3 Nc7 21. Rfa1
Bh6 22. Bxh6 Nxh6 23. Qd2 Nf5 24. Qa2 Nb5 25. Bxb5 Qxb5 26. Rxa7 Rxa7 27. Qxa7
Qe2 28. Re1 Qd3 29. Qc5 Qa6 30. e6 Qa2 31. Kh1 Ne3 32. Rg1 Ng4 33. h3 Nf2+ 34.
Kh2 Rxf3 35. gxf3 Ng4+ 36. Kg3 Qf2+ 37. Kf4 Qe3+ 38. Kxg4 Qxg1+ 39. Kf4 g5+ 40.
Kf5 Qg3 41. Qd6 Qxd6 42. Kxg5 Qg3+ 43. Kf5 Qh4 44. c4 h6 45. cxd5 cxd5 46. b5
Qg5# {QuarkX checkmated} 0-1

[Event "ICS rated blitz match"]
[Site "204.178.125.65"]
[Date "2001.01.09"]
[Round "?"]
[White "monsoon"]
[Black "Hossa"]
[Result "0-1"]
[WhiteElo "2454"]
[BlackElo "2548"]
[PlyCount "120"]
[EventDate "2001.??.??"]

1. e4 c6 2. c4 d5 3. exd5 Nf6 4. d4 cxd5 5. Nc3 Nc6 6. Nf3 Bg4 7. cxd5 Nxd5 8.
Qb3 Bxf3 9. gxf3 e6 10. Qxb7 Nxd4 11. Bb5+ Nxb5 12. Qc6+ Ke7 13. Qxb5 Qd7 14.
Nxd5+ exd5 15. Qxd7+ Kxd7 16. O-O Bd6 17. Be3 Rhe8 18. Rad1 Re5 19. Rfe1 a5 20.
f4 Rh5 21. Rd4 Rf5 22. Bd2 a4 23. Rd3 Rc8 24. b4 Rc4 25. Rd1 Kc6 26. a3 Bxf4
27. Bxf4 Rcxf4 28. Rf1 Rg4+ 29. Kh1 h6 30. f3 Rc4 31. Rg1 g6 32. Rg3 Rh5 33.
Rg4 Rxg4 34. fxg4 Rg5 35. Rf3 Rxg4 36. Rxf7 d4 37. Rf8 Kd5 38. Ra8 d3 39. Rc8
Rd4 40. Rc5+ Ke4 41. Rc1 d2 42. Rd1 Kf3 43. h3 Ke2 44. Rg1 d1=Q 45. Rxd1 Kxd1
46. b5 Rd3 47. Kg2 Rxa3 48. b6 Rb3 49. Kf2 a3 50. b7 a2 51. Kf1 Rxb7 52. Kg2
Rb2+ 53. Kg3 Rb3+ 54. Kf4 Rxh3 55. Ke5 a1=Q+ 56. Ke6 Re3+ 57. Kf7 Qa5 58. Kf6
Qf5+ 59. Kg7 Re7+ 60. Kh8 Qf8# {monsoon checkmated} 0-1

[Event "ICS rated blitz match"]
[Site "204.178.125.65"]
[Date "2001.01.09"]
[Round "?"]
[White "Hossa"]
[Black "monsoon"]
[Result "1-0"]
[WhiteElo "2560"]
[BlackElo "2442"]
[PlyCount "193"]
[EventDate "2001.??.??"]

1. d4 e6 2. e4 d5 3. Nd2 Nf6 4. e5 Nfd7 5. Ngf3 c5 6. c3 Nc6 7. Bd3 g6 8. O-O
Bg7 9. Nb1 Qb6 10. Qb3 c4 11. Qxb6 Nxb6 12. Be2 O-O 13. Na3 Bd7 14. Nc2 f6 15.
exf6 Rxf6 16. b3 Kh8 17. bxc4 Nxc4 18. Bxc4 dxc4 19. Rb1 Na5 20. Ne5 Bc6 21.
Nxc6 bxc6 22. Re1 Re8 23. Kf1 Ref8 24. f3 Re8 25. Ba3 Rf7 26. Ne3 Bh6 27. Bd6
Kg8 28. Ng4 Bg7 29. Ne5 Rb7 30. Rxb7 Nxb7 31. Nxc4 Bf8 32. Bxf8 Kxf8 33. Rb1
Re7 34. Ne5 c5 35. Nc6 Rd7 36. Nxa7 cxd4 37. cxd4 Nd8 38. Nb5 Nc6 39. Rd1 Na7
40. Nxa7 Rxa7 41. Rd2 Ke7 42. Ke2 Kd6 43. Ke3 Kd5 44. h4 Ra3+ 45. Kf4 Ra4 46.
Kg5 Kc4 47. Kh6 Ra7 48. Re2 Kxd4 49. Rxe6 Kc5 50. h5 gxh5 51. Re5+ Kc6 52. Re2
h4 53. Rc2+ Kd5 54. Kg5 Ra4 55. f4 h6+ 56. Kg4 h3 57. gxh3 Kd4 58. h4 Ke3 59.
Rc3+ Ke4 60. Rc6 h5+ 61. Kxh5 Kf5 62. Rc2 Ra7 63. Kh6 Ra6+ 64. Kg7 Ra7+ 65. Kf8
Kxf4 66. Rc4+ Ke5 67. a4 Kf6 68. Ke8 Ke6 69. Re4+ Kf5 70. Rb4 Ke6 71. Kd8 Kd6
72. Kc8 Ra5 73. Kb7 Rc5 74. Ka6 Rf5 75. Rb6+ Kc7 76. a5 Rh5 77. Rb4 Kc6 78.
Rc4+ Kd5 79. Rc1 Rh8 80. Kb7 Rg8 81. a6 Rg4 82. a7 Rb4+ 83. Ka6 Ra4+ 84. Kb6
Ra2 85. Rc8 Rb2+ 86. Kc7 Rc2+ 87. Kd7 Rd2 88. a8=Q+ Ke5+ 89. Ke7 Re2 90. Rc4
Kf5+ 91. Kf7 Re7+ 92. Kxe7 Kg6 93. Qg8+ Kh6 94. Qh7+ Kxh7 95. Kf7 Kh8 96. Kg6
Kg8 97. Rc8# {monsoon checkmated} 1-0

[Event "ICS rated blitz match"]
[Site "204.178.125.65"]
[Date "2001.01.09"]
[Round "?"]
[White "Hossa"]
[Black "QueenMaxima"]
[Result "0-1"]
[WhiteElo "2571"]
[BlackElo "2534"]
[PlyCount "140"]
[EventDate "2001.??.??"]

1. d4 Nf6 2. c4 g6 3. Nc3 Bg7 4. e4 d6 5. f3 O-O 6. Be3 c5 7. dxc5 dxc5 8. Qxd8
Rxd8 9. Bxc5 Nc6 10. Nd5 Nd7 11. Bxe7 Nxe7 12. Nxe7+ Kf8 13. Nxc8 Bxb2 14. Rb1
Bc3+ 15. Kf2 Bd4+ 16. Kg3 Raxc8 17. Ne2 Be5+ 18. f4 Bg7 19. Rxb7 Nc5 20. Rxa7
Nxe4+ 21. Kf3 Nd2+ 22. Kf2 Ne4+ 23. Ke3 Rxc4 24. g3 Re8 25. Kf3 Nd2+ 26. Kg4
Rc2 27. Bg2 Rxe2 28. Bd5 f5+ 29. Kg5 Rc5 30. Bb7 Rc7 31. Ra8+ Ke7 32. Bd5 Rd7
33. Bc6 Re6 34. Bg2 Nc4 35. Rg8 Bf6+ 36. Kh6 Ne3 37. Bf3 Ra6 38. Kxh7 Bd4 39.
Rxg6 Rxa2 40. Kh6 Rd8 41. Kh5 Rh8+ 42. Rh6 Rg8 43. Rh7+ Ke6 44. Kh6 Kd6 45. Bh5
Ra6 46. Bf7 Ng4+ 47. Kh5 Nf6+ 48. Kh6 Rga8 49. Rg7 Ng4+ 50. Rxg4 fxg4 51. Kh5
Ke7 52. Bb3 Ra3 53. Bc4 Rc8 54. Rc1 Ra5+ 55. Kxg4 Kd6 56. h4 Rac5 57. Rd1 Rxc4
58. Kh3 Kd5 59. Rd3 Ke4 60. Ra3 Rc3 61. Ra2 Rg8 62. Rg2 Rf3 63. Kh2 Bf2 64. h5
Bxg3+ 65. Kg1 Rc3 66. Rd2 Rc1+ 67. Rd1 Rxd1+ 68. Kg2 Bxf4+ 69. Kf2 Rdg1 70. h6
R8g2# {Hossa checkmated} 0-1

[Event "ICS Rated standard match"]
[Site "204.178.125.65"]
[Date "2001.01.09"]
[Round "?"]
[White "Hossa"]
[Black "BrazilianMaster"]
[Result "0-1"]
[WhiteElo "2358"]
[BlackElo "2602"]
[PlyCount "76"]
[EventDate "2001.??.??"]

1. d4 Nf6 2. Nf3 e6 3. c4 b6 4. a3 Bb7 5. Nc3 d5 6. cxd5 Nxd5 7. Bd2 Be7 8.
Nxd5 Bxd5 9. e3 O-O 10. Bd3 f5 11. O-O Qd6 12. Qe2 Nc6 13. Bb5 a5 14. Ba4 Bf6
15. Rfc1 Ne7 16. Bc3 Ng6 17. b4 axb4 18. axb4 Nh4 19. Nxh4 Bxh4 20. b5 Rf6 21.
f3 Rh6 22. f4 g5 23. Qd2 gxf4 24. exf4 Bxg2 25. Bb4 Qd8 26. Bb3 Rg6 27. Qc3
Bc6+ 28. Kf1 Bxb5+ 29. Bc4 Qd5 30. Rxa8+ Qxa8 31. Qh3 Qa2 32. Qg3 Bxg3 33. hxg3
Rh6 34. Bd2 Qxd2 35. Kg1 Qxc1+ 36. Kg2 Qh1+ 37. Kf2 Rh2+ 38. Ke3 Qe4# {
Hossa checkmated} 0-1

[Event "ICS rated standard match"]
[Site "204.178.125.65"]
[Date "2001.01.09"]
[Round "?"]
[White "BrazilianMaster"]
[Black "Hossa"]
[Result "1-0"]
[WhiteElo "2608"]
[BlackElo "2352"]
[PlyCount "109"]
[EventDate "2001.??.??"]

1. e4 c6 2. d4 d5 3. Nc3 dxe4 4. Nxe4 Nd7 5. Bd3 Ndf6 6. Ng5 Bg4 7. N1f3 e6 8.
Be2 Nh6 9. O-O Bd6 10. h3 Bf5 11. Ne5 Qe7 12. c4 O-O-O 13. Qa4 Kb8 14. Ngf3 Be4
15. Rd1 Nf5 16. g4 Nxd4 17. Rxd4 c5 18. Rd1 Qc7 19. Bf4 Ka8 20. Qb3 Qe7 21. Qe3
Bg6 22. Ng5 Bxe5 23. Qxe5 h6 24. Rxd8+ Rxd8 25. Nf3 Rc8 26. a4 Ne8 27. a5 f6
28. Qe3 e5 29. Bg3 Nc7 30. Nh4 Bh7 31. Bf3 Kb8 32. Rd1 g5 33. Ng2 Ne6 34. a6
Nd8 35. axb7 Nxb7 36. Qb3 Bg8 37. Ne3 Be6 38. Rd6 Rc7 39. Ra6 Rd7 40. Bd5 Bf7
41. Qa4 Nd6 42. b4 cxb4 43. Nf5 Qd8 44. Qxb4+ Nb7 45. Nd4 Bxd5 46. cxd5 Qh8 47.
Nc6+ Kc7 48. Nxa7 Rh7 49. Qb6+ Kd7 50. Qe6+ Kc7 51. d6+ Nxd6 52. Qxd6+ Kb7 53.
Qb6+ Ka8 54. Nb5+ Ra7 55. Nc7# {Hossa checkmated} 1-0

[Event "ICS rated standard match"]
[Site "204.178.125.65"]
[Date "2001.01.09"]
[Round "?"]
[White "Hossa"]
[Black "BrazilianMaster"]
[Result "0-1"]
[WhiteElo "2346"]
[BlackElo "2614"]
[PlyCount "149"]
[EventDate "2001.??.??"]

1. e4 c5 2. c3 d5 3. exd5 Qxd5 4. d4 e6 5. Nf3 Nf6 6. Bd3 Be7 7. O-O O-O 8. c4
Qd7 9. dxc5 Rd8 10. Ne5 Qd4 11. Qe2 Nbd7 12. Nxd7 Bxd7 13. Be3 Qe5 14. Nd2 Qxb2
15. Rab1 Qxa2 16. Rxb7 Kf8 17. Bd4 Bc6 18. Rb2 Qa6 19. Nb3 Qc8 20. Ra1 a5 21.
Bc3 a4 22. Na5 Be8 23. Bc2 Bxc5 24. Nb7 Bd4 25. Rd1 Bxc3 26. Rxd8 Qxd8 27. Nxd8
Bxb2 28. Bxa4 Bd4 29. Nxe6+ fxe6 30. Qxe6 Bc5 31. Qe5 Bxf2+ 32. Kf1 Bxa4 33.
Qd6+ Kf7 34. Qb4 Bc6 35. Kxf2 Ra2+ 36. Ke1 Bxg2 37. Qb3 Ra6 38. Qb8 g5 39. Kd2
Rc6 40. Qb3 h6 41. Qb7+ Kg6 42. Qb4 Bh3 43. Kd1 Be6 44. c5 Bd5 45. Qa5 Ne4 46.
Qd8 Kh5 47. Ke2 Rxc5 48. Ke3 Kh4 49. Qf8 Rc6 50. Qf5 Rd6 51. Qf3 Rf6 52. Qd1
Bc6 53. Qd4 Kh3 54. Qe5 h5 55. Kd3 h4 56. Ke3 g4 57. Qh5 g3 58. hxg3 Nxg3 59.
Qh8 Rf3+ 60. Kd2 Be4 61. Kd1 Rf2 62. Qd8 Bf3+ 63. Kc1 Ne2+ 64. Kd2 Nf4+ 65. Ke3
Kg3 66. Qb8 Re2+ 67. Kd4 h3 68. Qg8+ Kf2 69. Qh8 Kf1 70. Qb8 h2 71. Kc5 h1=Q
72. Qb1+ Re1 73. Qb5+ Be2 74. Qd7 Rc1+ 75. Kd6 {Hossa resigns} 0-1

[Event "ICS rated blitz match"]
[Site "204.178.125.65"]
[Date "2001.01.09"]
[Round "?"]
[White "ChesterX"]
[Black "Hossa"]
[Result "1-0"]
[WhiteElo "2639"]
[BlackElo "2553"]
[PlyCount "75"]
[EventDate "2001.??.??"]

1. d4 Nf6 2. c4 g6 3. Nc3 Bg7 4. Nf3 d5 5. Qb3 dxc4 6. Qxc4 O-O 7. e4 Nc6 8.
Be2 Nd7 9. Be3 Nb6 10. Qc5 f5 11. e5 a6 12. O-O f4 13. Bd2 e6 14. b3 Nd7 15.
Qc4 Nb6 16. Qd3 g5 17. h3 h6 18. Qe4 Rf7 19. Bd3 Rf5 20. a3 Rb8 21. g3 Na5 22.
Bc2 fxg3 23. fxg3 Nc6 24. g4 Rf7 25. Qh7+ Kf8 26. Nxg5 Qxd4+ 27. Kh1 Rf2 28.
Rxf2+ Qxf2 29. Be3 hxg5 30. Bxf2 Nd7 31. Rf1 Ke8 32. Bg6+ Kd8 33. Qxg7 Ncxe5
34. Qg8+ Ke7 35. Bc5+ Nxc5 36. Qf8+ Kd7 37. Be8+ Kd8 38. Bc6# {Hossa checkmated
} 1-0

[Event "ICS rated standard match"]
[Site "204.178.125.65"]
[Date "2001.01.09"]
[Round "?"]
[White "QueenMaxima"]
[Black "Hossa"]
[Result "0-1"]
[WhiteElo "2246"]
[BlackElo "2340"]
[PlyCount "192"]
[EventDate "2001.??.??"]

1. c4 e5 2. Nc3 Nf6 3. d3 Bc5 4. Nf3 d6 5. g3 O-O 6. Bg2 c6 7. Qb3 Na6 8. O-O
Qb6 9. Bg5 Qxb3 10. axb3 Nd7 11. Ne4 f6 12. Bd2 d5 13. Nxc5 Ndxc5 14. Ra3 Ne6
15. Rd1 Rd8 16. Kh1 Nf8 17. Ba5 Rd7 18. Rda1 Re7 19. h3 Be6 20. Nd2 Rd7 21. Ra4
Bf7 22. R4a3 Ne6 23. Nf3 Bh5 24. Bc3 Re8 25. Ba5 e4 26. dxe4 dxe4 27. Ng1 f5
28. Bc3 Nd4 29. e3 Nc2 30. Rxa6 bxa6 31. Rc1 Bd1 32. c5 Ree7 33. Bf1 a5 34.
Bc4+ Kf8 35. Bxa5 Re5 36. Bc3 Rxc5 37. Kh2 Ke7 38. h4 a5 39. Nh3 f4 40. Nxf4 g5
41. hxg5 Rxg5 42. Be6 Rd6 43. Bh3 Nb4 44. Bd4 Bc2 45. Kg1 c5 46. Bc3 Bxb3 47.
Ra1 a4 48. Bg2 Bc2 49. Rc1 Bd3 50. Ra1 Nd5 51. Nxd5+ Rgxd5 52. Rxa4 Bc2 53.
Rxe4+ Bxe4 54. Bxe4 Rd1+ 55. Kg2 h6 56. Bf5 Rd8 57. g4 c4 58. Kg3 Rg1+ 59. Kf4
Rf1 60. f3 Kf7 61. Be4 Ke6 62. Bf5+ Ke7 63. Bb4+ Kf7 64. Be4 Rf2 65. Bc3 Kf8
66. Ke5 Re2 67. Bd4 Ke7 68. Bd5 Rc8 69. f4 Re1 70. e4 Rd1 71. Bc3 Kd8 72. Ke6
Ke8 73. Bg7 Rg1 74. Kf5 h5 75. g5 h4 76. Bd4 Rd1 77. Ke5 h3 78. g6 Rc7 79. g7
Rxg7 80. Bc6+ Kf8 81. Bc5+ Kg8 82. Bb5 h2 83. Bxc4+ Kh8 84. Be2 Rc1 85. Bf3 Rg3
86. Be3 Ra1 87. Bh1 Rxe3 88. Kd4 Rg3 89. Kd5 Rxh1 90. Ke6 Rb1 91. Kd6 h1=Q 92.
Ke5 Qh5+ 93. f5 Qe8+ 94. Kf4 Qb8+ 95. e5 Qb3 96. f6 Qf3# {
QueenMaxima checkmated} 0-1

[Event "ICS rated standard match"]
[Site "204.178.125.65"]
[Date "2001.01.09"]
[Round "?"]
[White "Hossa"]
[Black "Cedars"]
[Result "1-0"]
[WhiteElo "2352"]
[BlackElo "2103"]
[PlyCount "109"]
[EventDate "2001.??.??"]

1. e4 e5 2. Nf3 Nc6 3. Bb5 a6 4. Ba4 Nf6 5. O-O Be7 6. Re1 b5 7. Bb3 d6 8. c3
Na5 9. Bc2 c5 10. d4 Nc6 11. dxc5 dxc5 12. Qxd8+ Bxd8 13. a4 Rb8 14. axb5 axb5
15. Rd1 O-O 16. b3 Be7 17. Bg5 Be6 18. Ra6 Rfc8 19. Bxf6 Bxf6 20. Rd6 Ne7 21.
h3 Ng6 22. Rdc6 b4 23. Rxc8+ Rxc8 24. c4 Nf4 25. Ra7 g5 26. Nbd2 h5 27. Nf1 g4
28. hxg4 hxg4 29. N3h2 Ne2+ 30. Kh1 Rd8 31. Rc7 g3 32. fxg3 Bg5 33. Rxc5 Rd2
34. Rxe5 Rxc2 35. Rxg5+ Kf8 36. Rb5 Rc1 37. g4 Bxg4 38. Nxg4 Rxf1+ 39. Kh2 Rf4
40. Kh3 Rxe4 41. Rxb4 f5 42. Nh6 Nf4+ 43. Kh2 Kg7 44. Nxf5+ Kf6 45. Rb5 Ne2 46.
Kh3 Re8 47. Kg4 Rg8+ 48. Kf3 Nc3 49. Ra5 Nb1 50. g4 Nd2+ 51. Kf4 Rb8 52. g5+
Kf7 53. Ra7+ Kg6 54. Nh4+ Kh5 55. Rh7# {Cedars checkmated} 1-0

[Event "ICS rated standard match"]
[Site "204.178.125.65"]
[Date "2001.01.09"]
[Round "?"]
[White "Hossa"]
[Black "erce"]
[Result "0-1"]
[WhiteElo "2358"]
[BlackElo "2157"]
[PlyCount "136"]
[EventDate "2001.??.??"]

1. e4 c5 2. d4 cxd4 3. c3 dxc3 4. Bc4 e6 5. Nxc3 Nc6 6. Nf3 a6 7. O-O Nge7 8.
Bf4 Ng6 9. Bd6 Bxd6 10. Qxd6 Qe7 11. Qxe7+ Kxe7 12. Rac1 b5 13. Be2 Bb7 14.
Rfd1 Rac8 15. a3 Nce5 16. Nd4 Nc4 17. Bxc4 Rxc4 18. b3 Rcc8 19. g3 Ne5 20. h3
Nc6 21. Nf3 f6 22. h4 Na5 23. Nd2 Rc6 24. Rc2 Rhc8 25. Rdc1 Kd8 26. h5 d5 27.
exd5 exd5 28. b4 d4 29. Nde4 Nb3 30. Rd1 f5 31. Nc5 Nxc5 32. bxc5 Rxc5 33.
Rxd4+ Ke8 34. Rd3 Kf8 35. f3 a5 36. h6 gxh6 37. Rb2 Rxc3 38. Rxc3 Rxc3 39. Rxb5
Rxf3 40. Rxb7 Rxg3+ 41. Kf2 Rxa3 42. Rxh7 Kg8 43. Rxh6 Kg7 44. Ra6 a4 45. Ke2
Ra1 46. Ke3 a3 47. Kf3 a2 48. Kg2 f4 49. Ra7+ Kg6 50. Ra6+ Kf5 51. Ra3 Ke4 52.
Ra4+ Kd5 53. Ra5+ Kc4 54. Ra8 f3+ 55. Kf2 Rh1 56. Rc8+ Kd5 57. Rd8+ Kc6 58.
Rc8+ Kb7 59. Rc4 a1=Q 60. Rb4+ Kc6 61. Rc4+ Kd5 62. Rc8 Qd4+ 63. Kg3 Rg1+ 64.
Kxf3 Rf1+ 65. Kg3 Qf4+ 66. Kh3 Rf3+ 67. Kg2 Qg3+ 68. Kh1 Rf1# {Hossa checkmated
} 0-1

[Event "ICS Rated blitz match"]
[Site "204.178.125.65"]
[Date "2001.01.10"]
[Round "?"]
[White "Hossa"]
[Black "beldros"]
[Result "1-0"]
[WhiteElo "2541"]
[BlackElo "2147"]
[PlyCount "55"]
[EventDate "2001.??.??"]

1. e4 c6 2. d4 d5 3. Nc3 dxe4 4. Nxe4 Nf6 5. Nxf6+ gxf6 6. c3 Bf5 7. Nf3 e6 8.
Bf4 Bd6 9. Bxd6 Qxd6 10. Qb3 Qc7 11. O-O-O Nd7 12. Rd2 O-O-O 13. Qa3 Kb8 14. c4
e5 15. Bd3 e4 16. Nh4 Bg6 17. Nxg6 hxg6 18. Bxe4 Nb6 19. Qc5 f5 20. Bf3 Qf4 21.
Kc2 Nd7 22. Qb4 Nb6 23. c5 Nd5 24. Qb3 Rxh2 25. Re1 Rhh8 26. Bxd5 Rxd5 27. Re7
b5 28. Qa3 {beldros resigns} 1-0

[Event "ICS rated blitz match"]
[Site "204.178.125.65"]
[Date "2001.01.10"]
[Round "?"]
[White "ChesterX"]
[Black "Hossa"]
[Result "1-0"]
[WhiteElo "2626"]
[BlackElo "2544"]
[PlyCount "183"]
[EventDate "2001.??.??"]

1. d4 Nf6 2. c4 g6 3. Nf3 Bg7 4. g3 O-O 5. Bg2 d6 6. Nc3 c6 7. O-O Na6 8. Bg5
h6 9. Bf4 Bf5 10. Qb3 Qd7 11. Rad1 Rac8 12. Ne5 Qc7 13. e4 Nxe4 14. Bxe4 Bxe4
15. Nxe4 dxe5 16. Bxe5 Bxe5 17. dxe5 Qxe5 18. Qxb7 Qxe4 19. Qxa6 Rc7 20. Qa5
Rb7 21. b3 Qe2 22. Rfe1 Qb2 23. Rd2 Qf6 24. Kg2 h5 25. Qc5 h4 26. gxh4 Re8 27.
h5 e5 28. Rd6 Qg5+ 29. Kh1 Qxh5 30. Qxc6 Rbe7 31. Qe4 Kg7 32. c5 Rh8 33. Qg2
Rc7 34. Rd5 f6 35. f4 Re7 36. c6 Qh4 37. Rg1 Qh5 38. fxe5 fxe5 39. Rd6 Rh6 40.
Qf2 Rf7 41. Rd7 Rxd7 42. cxd7 Rh8 43. Rf1 Qf5 44. Qxf5 gxf5 45. Rxf5 Rd8 46.
Rxe5 Rxd7 47. Ra5 Rf7 48. Kg2 Kf6 49. h4 Ke6 50. h5 Kd6 51. Kg3 Ke6 52. Kg4
Rg7+ 53. Kf4 Rc7 54. h6 Kf6 55. Ra6+ Kf7 56. Kg4 Rb7 57. Kg5 Rb5+ 58. Kh4 Rb4+
59. Kg3 Rb7 60. Kg4 Rc7 61. Kf5 Rc5+ 62. Ke4 Rc7 63. Kd5 Re7 64. Rc6 Rb7 65. h7
Kg7 66. Kd6 Rb5 67. Rc7+ Kh8 68. Rxa7 Rb6+ 69. Kc7 Rf6 70. a4 Rf7+ 71. Kb6 Rf6+
72. Ka5 Rf5+ 73. Kb4 Rb5+ 74. Kc4 Rc5+ 75. Kd4 Rd5+ 76. Kc3 Rc5+ 77. Kb2 Rc2+
78. Ka3 Rc6 79. a5 Rc8 80. a6 Re8 81. Rb7 Re1 82. Rb8+ Kxh7 83. a7 Ra1+ 84. Kb4
Rd1 85. a8=Q Rd4+ 86. Kc3 Rf4 87. Qg2 Rf5 88. Qe4 Kg6 89. Rb5 Kg7 90. Rxf5 Kh8
91. Rf7 Kg8 92. Qe8# {Hossa checkmated} 1-0

[Event "ICS rated blitz match"]
[Site "204.178.125.65"]
[Date "2001.01.10"]
[Round "?"]
[White "Hossa"]
[Black "capuciluis"]
[Result "1-0"]
[WhiteElo "2532"]
[BlackElo "1932"]
[PlyCount "101"]
[EventDate "2001.??.??"]

1. d4 Nf6 2. Nf3 g6 3. g3 Bg7 4. Bg2 O-O 5. Bf4 Nh5 6. Bd2 c6 7. O-O Qc7 8. e4
d6 9. Be3 Bg4 10. h3 Bxf3 11. Bxf3 Nf6 12. Nd2 Nbd7 13. c3 Rfe8 14. Qc2 e5 15.
Qb3 Qb6 16. Qxb6 axb6 17. Nc4 d5 18. exd5 cxd5 19. dxe5 dxc4 20. exf6 Bxf6 21.
Bxb7 Rab8 22. Bd5 Ne5 23. Bd4 b5 24. f4 Nd7 25. Bc6 Bxd4+ 26. cxd4 Red8 27. f5
Rb6 28. Bxd7 Rxd7 29. Rad1 g5 30. Rfe1 Rbd6 31. Re5 b4 32. f6 Rxf6 33. Rxg5+
Rg6 34. Rxg6+ hxg6 35. d5 Kg7 36. Rd4 c3 37. Rxb4 cxb2 38. Rxb2 Rxd5 39. Kg2
Kf6 40. Rf2+ Ke6 41. a4 f5 42. Ra2 Ra5 43. h4 Kd5 44. Kf3 Kc4 45. Ra1 Kb3 46.
Rb1+ Kc2 47. Rb6 Rxa4 48. Rxg6 Ra3+ 49. Kf4 Kd3 50. g4 Ke2 51. Kxf5 {
capuciluis resigns} 1-0

[Event "ICS rated blitz match"]
[Site "204.178.125.65"]
[Date "2001.01.10"]
[Round "?"]
[White "Hossa"]
[Black "carpante"]
[Result "1-0"]
[WhiteElo "2533"]
[BlackElo "2233"]
[PlyCount "97"]
[EventDate "2001.??.??"]

1. e4 c6 2. d4 d5 3. Nc3 dxe4 4. Nxe4 Nf6 5. Nxf6+ exf6 6. c3 Bd6 7. Bd3 O-O 8.
Ne2 Re8 9. O-O Nd7 10. Ng3 Nf8 11. Be3 Qc7 12. Qh5 Ng6 13. Rfe1 Be6 14. Nf5
Bxf5 15. Bxf5 Bf4 16. Bc2 Bxe3 17. fxe3 Re7 18. e4 Rae8 19. Rf1 Nf4 20. Qf3 Ne6
21. Qf5 Nf8 22. Rf2 b6 23. Raf1 c5 24. b4 cxb4 25. cxb4 Qd6 26. Ba4 Rd8 27. a3
Qxd4 28. Rd1 Qxd1+ 29. Bxd1 Rxd1+ 30. Rf1 Rxf1+ 31. Kxf1 Re5 32. Qc8 Rxe4 33.
Qc7 b5 34. Qxa7 h6 35. Kf2 Re5 36. a4 bxa4 37. Qxa4 Ne6 38. Qe8+ Kh7 39. Qxf7
Nf4 40. Qc4 Rf5 41. Qe4 g6 42. g4 Nh3+ 43. Kg3 Rb5 44. Qe7+ Kh8 45. Qxf6+ Kh7
46. Qf7+ Kh8 47. Kxh3 h5 48. Qe8+ Kg7 49. Qxb5 {carpante resigns} 1-0